书目信息 |
| 题名: |
坚持深化教育改革创新
|
|
| 作者: | 樊伟 著 | |
| 分册: | ||
| 出版信息: | 北京 中国人民大学出版社 2021.10 |
|
| 页数: | 10, 256页 | |
| 开本: | 24cm | |
| 丛书名: | 新时代马克思主义教育理论创新与发展研究丛书 | |
| 单 册: | ||
| 中图分类: | G521 | |
| 科图分类: | ||
| 主题词: | 教育改革--jiao yu gai ge--研究--中国 | |
| 电子资源: | ||
| ISBN: | 978-7-300-29766-8 | |
| 000 | 01073nam 2200265 450 | |
| 001 | 24888 | |
| 005 | 20220918113734.35 | |
| 010 | @a978-7-300-29766-8@dCNY68.00 | |
| 100 | @a20211110d2021 em y0chiy50 ea | |
| 101 | 0 | @achi |
| 102 | @aCN@b110000 | |
| 105 | @ay a 000yy | |
| 200 | 1 | @a坚持深化教育改革创新@Ajian chi shen hua jiao yu gai ge chuang xin@f樊伟等著 |
| 210 | @a北京@c中国人民大学出版社@d2021.10 | |
| 215 | @a10, 256页@d24cm | |
| 225 | 2 | @a新时代马克思主义教育理论创新与发展研究丛书@Axin shi dai ma ke si zhu yi jiao yu li lun chuang xin yu fa zhan yan jiu cong shu |
| 300 | @a国家出版基金项目 | |
| 320 | @a有书目 (第247-254页) | |
| 330 | @a本书以关于教育的重要论述为统领,对新时代教育改革创新进行了全面深入的研究,系统完整地阐述了关于教育改革的新理念新思想新观点,以求为推进我国教育高质量发展提供理论支撑。 | |
| 410 | 0 | @12001 @a新时代马克思主义教育理论创新与发展研究丛书 |
| 606 | 0 | @a教育改革@Ajiao yu gai ge@x研究@y中国 |
| 690 | @aG521@v5 | |
| 701 | 0 | @a樊伟@Afan wei@4著 |
| 801 | 0 | @aCN@c20220910 |
| 905 | @a河南城建学院图书馆@dG521@eF072@f2 | |
| 坚持深化教育改革创新/樊伟等著.-北京:中国人民大学出版社,2021.10 |
| 10, 256页;24cm.-(新时代马克思主义教育理论创新与发展研究丛书) |
| 国家出版基金项目 |
| ISBN 978-7-300-29766-8:CNY68.00 |
| 本书以关于教育的重要论述为统领,对新时代教育改革创新进行了全面深入的研究,系统完整地阐述了关于教育改革的新理念新思想新观点,以求为推进我国教育高质量发展提供理论支撑。 |
| ● |
| 相关链接 |
|
|
|
正题名:坚持深化教育改革创新
索取号:G521/F072
 
预约/预借
| 序号 | 登录号 | 条形码 | 馆藏地/架位号 | 状态 | 备注 |
| 1 | 1575391 | 215753913 | 社科库409/409社科库 5排3列1层/ [索取号:G521/F072] | 在馆 | |
| 2 | 1575392 | 215753922 | 社科库409/409社科库 5排3列1层/ [索取号:G521/F072] | 在馆 |